| 000 | 00654nam a2200241Ia 4500 | ||
|---|---|---|---|
| 999 |
_c2300 _d2300 |
||
| 003 | 0100 | ||
| 008 | 130227s9999 xx 000 0 und d | ||
| 020 | _a9988572026 | ||
| 040 | _cARRUPELIB | ||
| 050 | _aDT509.97.G4 V.32 | ||
| 100 |
_aGhana Academy of Arts & Sciences _932159 |
||
| 245 | _aConflicts in Africa | ||
| 245 | _bProceedings of the Ghana Academy of Arts & Sciences | ||
| 260 |
_bGhana Academy of Arts & Sciences _aAccra _c1995 |
||
| 300 | _axi | ||
| 300 | _b 85p 22cm | ||
| 440 |
_aProceedings of the Ghana Academy of Arts & Sciences v.32 _932169 |
||
| 650 |
_aConflict resolution _xAfrica _932170 |
||
| 650 |
_aAfrica _xPolitics _915215 |
||
| 942 |
_2lcc _010 _cMONOGRAPH |
||